Responses for Show #3429 - Thursday, July 1, 1999

Armed Forces Week game 4.

Contestants

[<< previous game]

Wayne Byron, an Air Force logistician originally from Trinidad, British West Indies, now stationed at Ramstein, Germany

Beth Sanfilippo, a Navy lab technician originally from Oceanside, California, now stationed in San Diego, California

Ben Connable, a Marine company commander originally from Roslyn, New York, now stationed at Okinawa, Japan

[next game >>]

Jeopardy! Round responses

SOUTH OF THE BORDER
(Alex: We will name a country, you have to name the country on its southern border.)
GET INTO SHAPE
WAR STORIES
BRAND NAMES
MILITARY MOVIES
"GENERAL" KNOWLEDGE
    $100 11
China

Ben
    $100 16
circle

Beth
    $100 6
(Ben: What is the First World War?)

World War I

Ben
    $100 21
rum

Wayne
    $100 1
Cuba Gooding, Jr.

Beth
    $100 12
General Motors

Beth
    $200 14
Saudi Arabia

Ben
    $200 17
octagon

Beth
    $200 7
"Catch-22"

Wayne
    $200 22
teeth

Beth
    $200 2
Private Benjamin

Ben
    $200 13
(Beth: What is General Mills?)

General Foods

BethWayne
    $300 15
(Ben: I don't know.)

Sudan

Ben
Triple Stumper
    $300 18
square dancing

Wayne
    $300 8
"All Quiet on the Western Front"

Ben
    $300 23
Vaseline

Beth
    $300 3
Saving Private Ryan

Beth
    $300 26
general practitioner

Wayne
    $400 29
Spain

Triple Stumper
    $400 19
the Pentagon

Beth
    $1,100 9
Dresden

Ben
    $400 24
(Ben: What is Velcro?)

zippers

BenWayne
    $400 4
(Beth: What is "Remember the Alamo?")
(Alex: You gave me a little too much information there; it's just "The Alamo".)

The Alamo

Beth
Triple Stumper
    $400 27
(Wayne: Tom Thumb...who is General Tom Thumb?)
(Alex: Remember your phrasing in the form of a question; you won't be reminded in Double Jeopardy.)

General Tom Thumb

Wayne
    $500 30
(Alex: Brazil is south of a lot of countries.)

Brazil

Triple Stumper
    $500 20
parallelogram

Ben
    $500 10
Duke of Wellington

Wayne
    $500 25
Coppertone

Beth
    $500 5
The Thin Red Line

Ben
    $500 28
Surgeon General (of the United States)

Wayne

Scores at the first commercial break (after clue 13):

Ben Beth Wayne
$2,300 -$100 $900

Scores at the end of the Jeopardy! Round:

Ben Beth Wayne
$2,300 $1,600 $2,900

Double Jeopardy! Round responses

FOREIGN COUNTRIES
4-LETTER SPORTS TERMS
COLORFUL AMERICA
ENEMY LINES
MEDICAL PEOPLE
"BOOT" CAMP
    $200 14
Panama

Wayne
    $200 24
puck

Ben
    $200 19
the Black Hills

Wayne
    $200 9
Saddam Hussein

Wayne
    $200 1
sex

Triple Stumper
    $200 4
Boot Hill

Ben
    $400 15
Yugoslavia

Wayne
    $400 25
axel

Beth
    $400 20
blue

Beth
    $400 10
Fidel Castro

Ben
    $400 2
penicillin

Wayne
    $400 5
bootleg

Ben
    $600 16
Tonga

Wayne
    $600 26
pick & roll

Beth
    $600 21
Brown University

Beth
    $600 11
Muammar Qaddafi

Ben
    $600 3
polio

Ben
    $600 6
his bootstraps

Beth
    $800 17
Taiwan

Ben
    $1,200 27
(Beth: I have no idea!)

post

Beth
    $800 22
(Ben: What is Raleigh?)

Greensboro

Ben
Triple Stumper
    $800 12
Nikita Khrushchev

Ben
    $800 29
thyroids

Beth
    $800 7
Puss in Boots

Wayne
    $1000 18
(Wayne: What is the Netherlands, Alex?)

Denmark

Wayne
Triple Stumper
    $1000 28
tuck

Wayne
    $1000 23
(Wayne: What is Red Rock?)

Red Rocks

BenWayne
    $1,000 13
Ayatollah Khomeini

Ben
    $1000 30
(Wayne: What is a petri dish?)

platelet

BethWayne
    $1000 8
(Alex: You have to pay a lot of money for the city to take it away.)

Denver boot

Triple Stumper

Scores at the end of the Double Jeopardy! Round:

Ben Beth Wayne
$7,500 $4,800 $3,700

[wagering suggestions for these scores]

Final Jeopardy! Round responses

PRESIDENTIAL FACTS
WayneWhat is The Presidential Yacht?
$3,700
BethWhat is Peace?
$1,800
BenWhat is LIBERTY?
$99
Air Force One

Final scores:

Ben Beth Wayne
$7,401 $3,000 $0
Winner: $7,401; week's big winner has total doubled 2nd place: Intel Create & Share Camera Pack & Micron Millennium Max Computer 3rd place: Panasonic 13" Color TV & VCR combo & LCD Palmcorder

Game dynamics:

Coryat scores:

Ben Beth Wayne
$6,800 $6,000 $3,700
18 R
(including 2 DDs),
3 W
16 R,
3 W
(including 1 DD)
17 R,
3 W

Combined Coryat: $16,500

[game clues] [game scores] [suggest correction]

Game tape date: Unknown
The J! Archive is created by fans, for fans. Scraping, republication, monetization, and malicious use prohibited; this site may use cookies and collect identifying information. See terms. The Jeopardy! game show and all elements thereof, including but not limited to copyright and trademark thereto, are the property of Jeopardy Productions, Inc. and are protected under law. This website is not affiliated with, sponsored by, or operated by Jeopardy Productions, Inc. Join the discussion at JBoard.tv.